000
00255nam a22001217a 4500
082
_a
822
_b
SHA/O
100
_a
SHAKESPEARE
245
_a
OTHELLO
260
_a
NEW DELHI
_b
S CHAND & COMPANY LTD.
300
_a
103
650
_a
NOVEL
_z
NEW DELHI
942
_c
BK
999
_c
3497
_d
3497